000
00301nam a22001217a 4500
008
260429b |||||||| |||| 00| 0 eng d
082
_a
001369
100
_a
Gore, Makarand
245
_a
Antomy abd Physiology of Yogic Practices
260
_a
Delhi
_b
New Age Books
_c
2017
300
_a
243p
942
_2
ddc
999
_c
1366
_d
1366